[Event "Anything Goes"]
[Site "SchemingMind.com"]
[Date "2007.06.03"]
[Round "-"]
[White "Adunatos"]
[Black "Louis Lima"]
[Result "1-0"]
[WhiteCountry "NED"]
[BlackCountry "ESP"]
[WhiteElo "2281"]
[WhiteRD "58"]
[BlackElo "1709"]
[BlackRD "63"]
[GameID "107744"]

1. d4 Nf6 2. c4 e6 3. Nc3 Bb4 4. e3 b6 5. Ne2 Ba6 6. a3 Bxc3+ 7. Nxc3 d5 8. b3 O-O 9. Be2 c6 10. O-O Nbd7
11. a4
1-0

[Event "Anything Goes"]
[Site "SchemingMind.com"]
[Date "2007.06.07"]
[Round "-"]
[White "Adunatos"]
[Black "ajedrez perfecto"]
[Result "1/2-1/2"]
[WhiteCountry "NED"]
[BlackCountry "BAH"]
[WhiteElo "2237"]
[WhiteRD "58"]
[BlackElo "2162"]
[BlackRD "96"]
[GameID "107745"]

1. d4 Nf6 2. c4 e6 3. Nc3 Bb4 4. e3 c5 5. Nf3 O-O 6. Bd3 d5 7. O-O cxd4 8. exd4 dxc4 9. Bxc4 Nc6 10. Re1 a6
11. Bd3 Be7=
1/2-1/2

[Event "Anything Goes"]
[Site "SchemingMind.com"]
[Date "2007.06.03"]
[Round "-"]
[White "Louis Lima"]
[Black "Adunatos"]
[Result "0-1"]
[WhiteCountry "ESP"]
[BlackCountry "NED"]
[WhiteElo "1709"]
[WhiteRD "63"]
[BlackElo "2281"]
[BlackRD "58"]
[GameID "107746"]

1. e4 e6 2. d4 d5 3. exd5 exd5 4. Bd3 Nf6 5. Nf3 Be7 6. O-O O-O 7. Bg5 Nc6 8. c3 h6 9. Bh4 g5 10. Bg3 Ne4
0-1

[Event "Anything Goes"]
[Site "SchemingMind.com"]
[Date "2007.06.07"]
[Round "-"]
[White "badbishop"]
[Black "Louis Lima"]
[Result "1-0"]
[WhiteCountry "POL"]
[BlackCountry "ESP"]
[WhiteElo "2199"]
[WhiteRD "87"]
[BlackElo "1690"]
[BlackRD "68"]
[GameID "108138"]

1. e4 c5 2. Nf3 g6 3. d4 cxd4 4. Nxd4 Nc6 5. c4 Nf6 6. Nc3 d6 7. Nc2 Bg7 8. Be2 O-O 9. O-O Nd7 10. Bd2 a5
11. Na3 Nc5 12. Nab5 Nd4 13. Nxd4 Bxd4 14. Bh6 Bg7 15. Bxg7 Kxg7 16. Bg4 Bxg4 17. Qxg4 Nd7 18. Qe2
1-0

[Event "Anything Goes"]
[Site "SchemingMind.com"]
[Date "2007.06.06"]
[Round "-"]
[White "badbishop"]
[Black "Adunatos"]
[Result "1/2-1/2"]
[WhiteCountry "POL"]
[BlackCountry "NED"]
[WhiteElo "2228"]
[WhiteRD "75"]
[BlackElo "2256"]
[BlackRD "61"]
[GameID "108139"]

1. e4 e6 2. d4 d5 3. Nc3 Nf6 4. Bg5 dxe4 5. Nxe4 Nbd7 6. Nf3 h6 7. Nxf6+ Nxf6 8. Be3 Nd5 9. Qd2 Bd6 10. O-O-O O-O
11. Kb1 b6 12. Bd3 Bb7 13. Bxh6 gxh6 14. Qxh6 f5 15. Qg6+ Kh8 16. Qh6+ Kg8 17. Qg6+ Kh8 18. Qh6+=
1/2-1/2

[Event "Anything Goes"]
[Site "SchemingMind.com"]
[Date "2007.06.08"]
[Round "-"]
[White "badbishop"]
[Black "ajedrez perfecto"]
[Result "0-1"]
[WhiteCountry "POL"]
[BlackCountry "BAH"]
[WhiteElo "2211"]
[WhiteRD "75"]
[BlackElo "2253"]
[BlackRD "84"]
[GameID "108140"]

1. e4 e5 2. Nf3 Nc6 3. Bc4 Bc5 4. c3 Nf6 5. d3 O-O 6. O-O Be7 7. Re1 d6 8. Bb3 Na5 9. Bc2 c5 10. Nbd2 Nc6
11. Nf1 b5 12. Ng3 a5 13. h3 a4 14. Qe2 Bd7 15. Nh4 Nxe4 16. Nxe4 f5 17. Nf3 fxe4 18. Qxe4 g6 19. d4 exd4 20. cxd4 Nb4
21. Bb1 Bf6 22. a3 Re8 23. Qf4 Rxe1+ 24. Nxe1 Nc6 25. dxc5 dxc5 26. Be3 Qe7 27. Be4 Bxb2 28. Rb1 Rf8 29. Qc7 Be5 30. Qb6 Bd4
31. Bd5+ Kg7 32. Nc2 Bxe3 33. Nxe3 Nd4 34. Rb2 Rc8 35. Bb7 Rb8 36. Qc7 Re8 37. Bd5 Be6 38. Qxe7+ Rxe7 39. Bxe6 Rxe6 40. Kf1 b4
41. axb4 a3
0-1

[Event "Anything Goes"]
[Site "SchemingMind.com"]
[Date "2007.06.07"]
[Round "-"]
[White "Louis Lima"]
[Black "badbishop"]
[Result "0-1"]
[WhiteCountry "ESP"]
[BlackCountry "POL"]
[WhiteElo "1709"]
[WhiteRD "63"]
[BlackElo "2203"]
[BlackRD "94"]
[GameID "108141"]

1. e4 c5 2. Nc3 Nc6 3. f4 g6 4. Nf3 Bg7 5. Bb5 Nd4 6. O-O a6 7. Bc4 e6 8. d3 b5 9. Bb3 Bb7 10. Be3 Ne7
11. Bxd4 cxd4 12. Ne2 Qb6 13. a4 O-O 14. Qe1 Bxe4 15. Kh1 Bd5 16. Bxd5 Nxd5 17. Ne5 Bxe5
0-1

[Event "Anything Goes"]
[Site "SchemingMind.com"]
[Date "2007.06.06"]
[Round "-"]
[White "Adunatos"]
[Black "badbishop"]
[Result "0-1"]
[WhiteCountry "NED"]
[BlackCountry "POL"]
[WhiteElo "2166"]
[WhiteRD "64"]
[BlackElo "2246"]
[BlackRD "73"]
[GameID "108142"]

1. d4 Nf6 2. c4 g6 3. Nc3 d5 4. cxd5 Nxd5 5. e4 Nxc3 6. bxc3 Bg7 7. Bc4 O-O 8. Ne2 c5 9. O-O Nc6 10. Be3 cxd4
11. cxd4 Na5 12. Bd3 b6 13. Rc1 e6 14. Qa4 Bd7 15. Qa3 Re8 16. Bd2 Nc6 17. e5 Ne7 18. Bg5 h6 19. Bd2 Bc6 20. Bb4 Bb7
21. Bd6 Nc8 22. Bc7 Qd7 23. f3 Ne7 24. Bd6 Nd5 25. Nc3 Rac8 26. Bb5 Bc6 27. Nxd5 Bxb5 28. Rxc8 Rxc8 29. Ne7+ Kh7 30. Nxc8 Bxf1
31. Nxa7 Bc4 32. h3 Qb7 33. Qc1 b5 34. Qa3 h5 35. Qc5 Bd5 36. Nxb5 Bh6 37. Kf2 Qa6 38. Nc3 Qd3 39. Nxd5 exd5 40. Qxd5 Be3+
41. Kg3 h4+ 42. Kh2 Bf4+ 43. Kg1 Qd1+ 44. Kf2 Kg7 45. Qa8 Qxd4+ 46. Ke2 Qd2+ 47. Kf1 Kh7 48. Qb7 Qxa2 49. Qe4 Bg3 50. Qd4 Qb1+
51. Ke2 Qh1 52. Ke3 Qxg2 53. Qd5 Qf2+ 54. Kd3 Qf1+ 55. Ke3 Kg7 56. Be7 Qe1+ 57. Kd4 Qa1+ 58. Ke4 Qb1+ 59. Ke3 Qc2 60. Bf6+ Kh6
61. Qd3 Bf2+ 62. Ke4 Qc6+ 63. Qd5 Qc3 64. Qd3 Qb4+ 65. Kd5 Qc5+ 66. Ke4 Bg1 67. Qd2+ Kh7 68. Kd3 Qd4+
0-1

[Event "Anything Goes"]
[Site "SchemingMind.com"]
[Date "2007.06.08"]
[Round "-"]
[White "ajedrez perfecto"]
[Black "badbishop"]
[Result "1-0"]
[WhiteCountry "BAH"]
[BlackCountry "POL"]
[WhiteElo "2188"]
[WhiteRD "88"]
[BlackElo "2207"]
[BlackRD "82"]
[GameID "108143"]

1. Nc3 c5 2. e4 Nc6 3. Nf3 g6 4. d4 cxd4 5. Nxd4 Bg7 6. Be3 Nf6 7. Be2 O-O 8. f4 d6 9. a3 Ng4 10. Bxg4 Bxg4
11. Qxg4 Nxd4 12. Qd1 Ne6 13. f5 Nc5 14. Bd4 Bxd4 15. Qxd4 Nd7 16. O-O-O Re8 17. h4 Qb6 18. fxg6 hxg6 19. Qd2 Ne5 20. Nd5 Qc6
21. h5 Rac8 22. hxg6 Nxg6 23. c3 Qc4 24. Qh6 Qxe4 25. Qh7+ Kf8 26. Rdf1
1-0

[Event "Anything Goes"]
[Site "SchemingMind.com"]
[Date "2007.06.16"]
[Round "-"]
[White "e_castle3"]
[Black "Louis Lima"]
[Result "1-0"]
[WhiteCountry "PHI"]
[BlackCountry "ESP"]
[WhiteElo "1873"]
[WhiteRD "73"]
[BlackElo "1709"]
[BlackRD "63"]
[GameID "109170"]

1. Nc3 c5 2. e4 g6 3. Nf3 Nc6 4. g3 Bg7 5. Bg2 e6 6. O-O Nge7 7. d3 O-O 8. Be3 Nd4 9. Rb1 d5 10. exd5 Nxd5
11. Bxd4 cxd4 12. Ne4
1-0

[Event "Anything Goes"]
[Site "SchemingMind.com"]
[Date "2007.06.14"]
[Round "-"]
[White "e_castle3"]
[Black "Adunatos"]
[Result "0-1"]
[WhiteCountry "PHI"]
[BlackCountry "NED"]
[WhiteElo "1816"]
[WhiteRD "68"]
[BlackElo "2263"]
[BlackRD "58"]
[GameID "109171"]

1. f4 e5 2. fxe5 d6 3. Nf3 dxe5 4. e4 Bc5 5. Bc4 Nc6 6. c3 Nf6 7. d3 a6 8. b4 Ba7 9. h3 O-O 10. Qe2 Nh5
11. Bg5 Qd6 12. Bh4 Nf4 13. Qc2 b5 14. Bd5 Be6 15. Bxc6 Nxd3+ 16. Kf1 Qxc6 17. Nbd2 Nxb4 18. Qb1 Bc4+ 19. Ke1 Nd3+ 20. Kd1 f6
21. a4 Rab8 22. Qc2 Rfd8 23. axb5 Rxb5 24. Ra4 Rb1+
0-1

[Event "Anything Goes"]
[Site "SchemingMind.com"]
[Date "2007.06.14"]
[Round "-"]
[White "e_castle3"]
[Black "badbishop"]
[Result "0-1"]
[WhiteCountry "PHI"]
[BlackCountry "POL"]
[WhiteElo "1789"]
[WhiteRD "69"]
[BlackElo "2228"]
[BlackRD "75"]
[GameID "109172"]

1. Nf3 Nf6 2. g3 g6 3. Bg2 Bg7 4. O-O d6 5. Nc3 O-O 6. e4 c5 7. d3 Nc6 8. Bg5 Rb8 9. Qc1 e5 10. Bh6 Be6
11. Bxg7 Kxg7 12. Ng5 b5 13. Ne2 Nd4 14. Nxd4 cxd4 15. f4 Rc8 16. Qd2 Qc7 17. Rf2 h6 18. Nxe6+ fxe6 19. Bh3 Rce8 20. c3 Qb6
21. Kh1 exf4 22. gxf4 e5 23. Rg1 dxc3 24. bxc3 Nh5 25. f5 Rf6 26. Rxg6+ Rxg6 27. fxg6 Nf4 28. Bf5 Nxd3 29. Rf3 Nf4 30. a3 Qc5
31. Bd7 Rf8 32. Bf5 Qxa3 33. Qd1 Qa2 34. Rg3 Qf2 35. Qa1 a5 36. Qb1 Rb8 37. Bg4 b4 38. cxb4 axb4 39. Qc1 Rb7 40. Qc8 Qe1+
0-1

[Event "Anything Goes"]
[Site "SchemingMind.com"]
[Date "2007.06.17"]
[Round "-"]
[White "e_castle3"]
[Black "ajedrez perfecto"]
[Result "0-1"]
[WhiteCountry "PHI"]
[BlackCountry "BAH"]
[WhiteElo "1816"]
[WhiteRD "68"]
[BlackElo "2188"]
[BlackRD "88"]
[GameID "109173"]

1. e4 e5 2. Nf3 Nc6 3. Bb5 a6 4. Ba4 Nf6 5. O-O Nxe4 6. Re1 Nc5 7. Bxc6 dxc6 8. Nxe5 Be7 9. d4 Ne6 10. c3 O-O
11. Nd2 c5 12. dxc5 Nxc5 13. Ndf3 Qxd1 14. Rxd1 f6 15. Nd3 Rd8 16. Bf4 Nxd3 17. Bxc7 Rd7 18. Bb6 Nxb2 19. Re1 Nc4 20. Bd4 b5
21. Re2 Bb7 22. Nh4 g6 23. Rae1 Kf7 24. Nf3 Bxf3 25. gxf3 Bd6 26. Kg2 Rad8 27. Re4 Re7 28. Rxe7+ Bxe7 29. f4 f5 30. Re2 Bf6
31. Bxf6 Kxf6 32. Kf3 Rd3+
0-1

[Event "Anything Goes"]
[Site "SchemingMind.com"]
[Date "2007.06.16"]
[Round "-"]
[White "Louis Lima"]
[Black "e_castle3"]
[Result "0-1"]
[WhiteCountry "ESP"]
[BlackCountry "PHI"]
[WhiteElo "1709"]
[WhiteRD "63"]
[BlackElo "1873"]
[BlackRD "73"]
[GameID "109174"]

1. e4 g6 2. d4 Bg7 3. Nc3 d6 4. Nf3 e6 5. Be3 Nc6 6. Qd2 Bd7 7. Be2 Qe7 8. a3 a6 9. O-O h5 10. d5 Ne5
11. Nxe5 Bxe5 12. f4 Bg7 13. Bd3 Nh6
0-1

[Event "Anything Goes"]
[Site "SchemingMind.com"]
[Date "2007.06.16"]
[Round "-"]
[White "Adunatos"]
[Black "e_castle3"]
[Result "1-0"]
[WhiteCountry "NED"]
[BlackCountry "PHI"]
[WhiteElo "2263"]
[WhiteRD "58"]
[BlackElo "1816"]
[BlackRD "68"]
[GameID "109175"]

1. d4 d5 2. c4 c6 3. cxd5 cxd5 4. Nf3 Nc6 5. Nc3 Nf6 6. Bf4 Bf5 7. e3 e6 8. Bb5 a6 9. Bxc6+ bxc6 10. O-O Bd6
11. Ne5 Bxe5 12. Bxe5 O-O 13. Rc1 Nd7 14. Bg3 Rb8 15. Bxb8 Qxb8 16. Na4 Rc8 17. Qe2 Qa7 18. Nc5 Nb8 19. Rc3 Qb6 20. Rfc1 a5
21. Rb3 Qd8 22. Rb7 Qg5 23. Qd2 Bh3 24. f4 Qg6 25. Kh1 Bf5 26. Qxa5
1-0

[Event "Anything Goes"]
[Site "SchemingMind.com"]
[Date "2007.06.16"]
[Round "-"]
[White "badbishop"]
[Black "e_castle3"]
[Result "1-0"]
[WhiteCountry "POL"]
[BlackCountry "PHI"]
[WhiteElo "2228"]
[WhiteRD "75"]
[BlackElo "1789"]
[BlackRD "69"]
[GameID "109176"]

1. d4 d5 2. c4 c6 3. Nc3 Nf6 4. e3 Bf5 5. Nf3 e6 6. Nh4 Bg6 7. Nxg6 hxg6 8. g3 dxc4 9. Bxc4 Nbd7 10. f4 Bb4
11. Bd2 Bxc3 12. Bxc3 Ne4 13. Qf3 Nxc3 14. bxc3 Qa5 15. e4 Nb6 16. Bb3 O-O-O 17. O-O Rh3 18. Rf2 Rdh8 19. f5 gxf5 20. exf5 Nd5
21. fxe6 fxe6 22. Re1 R3h6 23. Rfe2 Qxc3 24. Bxd5 Qxd4+ 25. Rf2 exd5 26. Rd1 Qc5 27. Qf5+ Kb8 28. Kh1 Ka8 29. Rdf1 a5 30. Qe5 g6
31. Rb2 Qc4 32. Kg1 Qc5+ 33. Kh1 Qc4 34. Re1 R6h7 35. a3 Qd3 36. h4 Qf3+ 37. Kg1 Qg4 38. Qc3 Rxh4 39. Qxa5+ Kb8 40. Rxb7+ Kxb7
41. Re7+
1-0

[Event "Anything Goes"]
[Site "SchemingMind.com"]
[Date "2007.06.18"]
[Round "-"]
[White "ajedrez perfecto"]
[Black "e_castle3"]
[Result "1-0"]
[WhiteCountry "BAH"]
[BlackCountry "PHI"]
[WhiteElo "2162"]
[WhiteRD "96"]
[BlackElo "1861"]
[BlackRD "72"]
[GameID "109177"]

1. e4 e5 2. Nc3 Nc6 3. Nf3 Bc5 4. Bc4 Nf6 5. d3 O-O 6. O-O d6 7. Na4 Bb6 8. Nxb6 axb6 9. c3 h6 10. a3 Be6
11. Bxe6 fxe6 12. Be3 d5 13. Qc2 d4 14. Bd2 Qe7 15. b4 Rad8 16. b5 dxc3 17. Bxc3 Qd6 18. bxc6
1-0

[Event "Anything Goes"]
[Site "SchemingMind.com"]
[Date "2007.06.18"]
[Round "-"]
[White "griffimv"]
[Black "Louis Lima"]
[Result "1-0"]
[WhiteCountry "INT"]
[BlackCountry "ESP"]
[WhiteElo "2359"]
[WhiteRD "80"]
[BlackElo "1690"]
[BlackRD "68"]
[GameID "109229"]

1. e4 c5 2. Nf3 g6 3. d4 cxd4 4. Nxd4 Nc6 5. c4 Nf6 6. Nc3 d6 7. Be2 Nxd4 8. Qxd4 Bg7 9. Be3 O-O 10. Qd2 Be6
11. O-O Qa5 12. Rab1 Rfc8 13. b3 Ng4 14. Nd5 Qxd2 15. Bxd2 Bxd5 16. exd5 Nf6 17. Bf3 Nd7 18. Rfe1 Ne5 19. Be2 a6 20. f4 Nd7
21. Bg4 f5 22. Rxe7
1-0

[Event "Anything Goes"]
[Site "SchemingMind.com"]
[Date "2007.06.19"]
[Round "-"]
[White "griffimv"]
[Black "e_castle3"]
[Result "1-0"]
[WhiteCountry "INT"]
[BlackCountry "PHI"]
[WhiteElo "2350"]
[WhiteRD "80"]
[BlackElo "1843"]
[BlackRD "71"]
[GameID "109230"]

1. e4 g6 2. d4 Bg7 3. Nc3 e6 4. Nf3 Nh6 5. e5 f6 6. Ne4 Nf7 7. exf6 Bxf6 8. d5 exd5 9. Nxf6+ Qxf6 10. Qxd5 h6
11. Bd3 Kf8 12. O-O Nc6 13. Bd2 Rg8 14. Bc3 Qf4 15. Rae1 h5 16. Re4 Qh6 17. Rfe1 Nd6 18. Qxd6+
1-0

[Event "Anything Goes"]
[Site "SchemingMind.com"]
[Date "2007.06.18"]
[Round "-"]
[White "griffimv"]
[Black "Adunatos"]
[Result "1/2-1/2"]
[WhiteCountry "INT"]
[BlackCountry "NED"]
[WhiteElo "2336"]
[WhiteRD "78"]
[BlackElo "2294"]
[BlackRD "67"]
[GameID "109231"]

1. e4 e6 2. d4 d5 3. Nc3 Nf6 4. Bg5 dxe4 5. Nxe4 Nbd7 6. Nf3 h6 7. Nxf6+ Nxf6 8. Be3 Nd5 9. Qd2 Bd6 10. O-O-O O-O
11. Kb1 Qf6 12. Bd3 b6 13. Ne5 Bxe5 14. dxe5 Qxe5 15. Bd4 Qd6 16. Qe2 Bb7 17. Qg4 e5 18. Qf5 Rfe8 19. Qh7+ Kf8 20. Rhe1 Qf6
21. Qh8+ Ke7 22. Rxe5+ Qxe5 23. Qxe8+ Rxe8 24. Bxe5 Kf8 25. Bg3 g5 26. Bc4 f5 27. Kc1 Nf6 28. f3 f4 29. Bf2 Re7 30. Rd8+ Re8
31. Rd2 Re5 32. Bd4 Re1+ 33. Rd1 Rxd1+ 34. Kxd1 Nd5 35. Kd2 c5 36. Bf2 Ke7 37. a3 Kd6 38. Be2 h5 39. Bd3 h4 40. b3 Bc6
41. h3 Ke5 42. c3 Kd6 43. c4 Ne7 44. b4 Bd7 45. Bg1 Nc6 46. Kc3 Ne5=
1/2-1/2

[Event "Anything Goes"]
[Site "SchemingMind.com"]
[Date "2007.06.18"]
[Round "-"]
[White "griffimv"]
[Black "badbishop"]
[Result "1-0"]
[WhiteCountry "INT"]
[BlackCountry "POL"]
[WhiteElo "2348"]
[WhiteRD "80"]
[BlackElo "2264"]
[BlackRD "71"]
[GameID "109232"]

1. e4 c5 2. Nf3 d6 3. d4 cxd4 4. Nxd4 Nf6 5. Nc3 a6 6. Be3 e6 7. f3 Be7 8. Qd2 O-O 9. O-O-O Nc6 10. g4 Nxd4
11. Bxd4 b5 12. g5 Nd7 13. h4 Qa5 14. Kb1 b4 15. Ne2 e5 16. Be3 Nc5 17. Nc1 Be6 18. h5 Rfd8 19. Bh3 d5 20. Bxc5 Qxc5
21. Bxe6 fxe6 22. Nd3 Qc7 23. Qg2 Rac8 24. h6 g6 25. Rd2 a5 26. Qg4 Qd6 27. exd5 exd5 28. Re1 Rc4 29. Qg1 e4 30. b3 exd3
31. bxc4 dxc4 32. Qe3 Bf8 33. cxd3 c3 34. Rde2 Qxd3+ 35. Qxd3 Rxd3 36. Re3 Rd2 37. Re8 Kf7 38. Ra8 Rb2+ 39. Ka1 Rf2 40. Rxa5 Rxf3
41. Ra7+ Kg8 42. Kb1 Rf2 43. Re8 Rf7 44. Rxf7 Kxf7 45. Rb8 Be7 46. Rb7
1-0

[Event "Anything Goes"]
[Site "SchemingMind.com"]
[Date "2007.06.19"]
[Round "-"]
[White "griffimv"]
[Black "ajedrez perfecto"]
[Result "1-0"]
[WhiteCountry "INT"]
[BlackCountry "BAH"]
[WhiteElo "2355"]
[WhiteRD "79"]
[BlackElo "1666"]
[BlackRD "70"]
[GameID "109233"]

1. e4 e5 2. Nf3 Nc6 3. Bb5 a6 4. Ba4 Nf6 5. O-O Nxe4 6. d4 b5 7. Bb3 d5 8. dxe5 Be6 9. Nbd2 Nc5 10. c3 Nxb3
11. Nxb3 Be7 12. Nfd4 Nxd4 13. cxd4 O-O 14. Bf4 Bf5 15. Rc1 a5 16. Nc5 a4 17. Qh5 Qc8 18. Bg5 Bxc5 19. Rxc5 Bd3 20. Rfc1 Qf5
21. Qh3 Qxh3 22. gxh3 Bc4 23. Rxc7 Bxa2 24. R1c6 Bb1 25. Rc5 f6 26. exf6 gxf6 27. Bh6 Rfb8 28. Rg7+ Kh8 29. Rcc7 b4 30. Rgd7 Bf5
31. Re7 Bg6 32. Bg7+ Kg8 33. Bxf6 a3 34. Be5 Rb6 35. bxa3 bxa3 36. Rg7+ Kf8 37. Ra7 Ra6 38. Bd6+ Rxd6 39. Rxh7 Rxa7 40. Rxa7 Rc6
41. Rxa3 Ke7 42. Re3+ Kd6 43. h4 Rc4 44. Rb3 Bf5 45. Rb6+ Ke7 46. h5 Rxd4 47. h6
1-0

[Event "Anything Goes"]
[Site "SchemingMind.com"]
[Date "2007.06.18"]
[Round "-"]
[White "Louis Lima"]
[Black "griffimv"]
[Result "0-1"]
[WhiteCountry "ESP"]
[BlackCountry "INT"]
[WhiteElo "1690"]
[WhiteRD "68"]
[BlackElo "2359"]
[BlackRD "80"]
[GameID "109234"]

1. e4 c5 2. Nc3 Nc6 3. f4 g6 4. Nf3 Bg7 5. Bb5 Nd4 6. O-O Nxb5 7. Nxb5 d5 8. exd5 a6 9. Nc3 Nf6 10. d4 c4
11. Qe2 Nxd5 12. Qxc4 Be6 13. Nxd5 Bxd5 14. Qe2 Bxf3 15. Qxf3 Qxd4+ 16. Kh1 Qb6 17. f5 Bf6 18. Rb1 O-O 19. Bh6 Rfd8 20. fxg6 hxg6
21. g4 Qc6 22. Qxc6 bxc6 23. Be3 Rd5 24. Rbd1 Bxb2 25. Rb1 Bd4 26. c4 Rd7
0-1

[Event "Anything Goes"]
[Site "SchemingMind.com"]
[Date "2007.06.18"]
[Round "-"]
[White "e_castle3"]
[Black "griffimv"]
[Result "0-1"]
[WhiteCountry "PHI"]
[BlackCountry "INT"]
[WhiteElo "1873"]
[WhiteRD "73"]
[BlackElo "2317"]
[BlackRD "79"]
[GameID "109235"]

1. e4 c5 2. Nf3 d6 3. g3 Nc6 4. Bg2 g6 5. O-O Bg7 6. c3 e5 7. d3 Nge7 8. Bg5 O-O 9. Nbd2 h6 10. Be3 Be6
11. Nb3 f5 12. Qc1 g5 13. Qc2 g4 14. Ne1 f4 15. gxf4 exf4 16. Bd2 f3 17. Bh1 Ng6 18. Be3 Qf6 19. Rd1 Nf4 20. Bxf4 Qxf4
21. d4 cxd4 22. cxd4 Nxd4 23. Nxd4 Be5 24. Nexf3 gxf3 25. Nxf3 Qg4+ 26. Bg2 Rxf3
0-1

[Event "Anything Goes"]
[Site "SchemingMind.com"]
[Date "2007.06.18"]
[Round "-"]
[White "Adunatos"]
[Black "griffimv"]
[Result "0-1"]
[WhiteCountry "NED"]
[BlackCountry "INT"]
[WhiteElo "2237"]
[WhiteRD "58"]
[BlackElo "2359"]
[BlackRD "80"]
[GameID "109236"]

1. d4 Nf6 2. c4 e6 3. Nc3 Bb4 4. e3 O-O 5. Nf3 d5 6. Bd3 c5 7. O-O dxc4 8. Bxc4 Nbd7 9. Qc2 a6 10. a4 cxd4
11. exd4 Qc7 12. Bd3 b6
0-1

[Event "Anything Goes"]
[Site "SchemingMind.com"]
[Date "2007.06.18"]
[Round "-"]
[White "badbishop"]
[Black "griffimv"]
[Result "1/2-1/2"]
[WhiteCountry "POL"]
[BlackCountry "INT"]
[WhiteElo "2286"]
[WhiteRD "68"]
[BlackElo "2351"]
[BlackRD "80"]
[GameID "109237"]

1. d4 Nf6 2. c4 e6 3. Nc3 Bb4 4. e3 O-O 5. Bd3 d5 6. Ne2 dxc4 7. Bxc4 e5 8. O-O Nc6 9. a3 Bd6 10. d5 Ne7
11. Ng3 Ng6 12. Bd2 a6 13. Rc1 b5 14. Ba2 Be7 15. Nge4 Ne8 16. Ne2 Nd6 17. Nc5 Nc4 18. Bxc4 bxc4 19. Rxc4 Qxd5 20. Qc2 a5
21. e4 Qc6 22. Be3 Rd8 23. Rc1 Qf6 24. Ng3 Nf4 25. Rd1 Bg4 26. Rc1 Rab8 27. f3 Bc8 28. Rc3 Qh6 29. Kh1 Bg5 30. Nf1 Rd6
31. Nd3 Ba6 32. Nxf4 exf4 33. Ba7 Rbd8 34. Rxc7 Qe6 35. Rc5 Bf6 36. Rxa5 R6d7 37. Bc5 Bd3 38. Qf2 Qb3 39. Bb6 Qxb2 40. Qxb2 Bxb2
41. Rd1 Rb8 42. Bf2 f5 43. exf5 Bxf5 44. Rxd7 Bxd7 45. Kg1 Bf6 46. g3= Rb2 47. Ra8+ Kf7 48. Ra7 Ke8 49. Ra8+ Bd8 50. gxf4 Bc6
51. Ra6 Bxf3 52. Re6+ Kf7 53. Re3 Ba8 54. Rc3 Bf6 55. Rc7+ Kg6=
1/2-1/2

[Event "Anything Goes"]
[Site "SchemingMind.com"]
[Date "2007.06.18"]
[Round "-"]
[White "ajedrez perfecto"]
[Black "griffimv"]
[Result "1/2-1/2"]
[WhiteCountry "BAH"]
[BlackCountry "INT"]
[WhiteElo "2199"]
[WhiteRD "79"]
[BlackElo "2336"]
[BlackRD "78"]
[GameID "109238"]

1. e4 c5 2. Nf3 d6 3. Bc4 Nf6 4. Nc3 Nc6 5. d4 cxd4 6. Nxd4 Qb6 7. Nb3 e6 8. O-O Be7 9. Be3 Qc7 10. f4 a6
11. Bd3 b5 12. Qf3 Bb7 13. Ne2 O-O 14. Ned4 Nxd4 15. Nxd4 d5 16. e5 Ne4 17. c3 Nc5 18. Bc2 Ne4 19. Rad1 g6 20. Qh3 Rac8
21. a3 Rfe8 22. Rf3 Bc5 23. Qh4 Be7 24. Qe1 Red8 25. Rh3 Ra8 26. Qe2 Rac8 27. Qg4 Bc5 28. Rf1 Re8 29. Bxe4 dxe4 30. Qh4=
1/2-1/2

[Event "Anything Goes"]
[Site "SchemingMind.com"]
[Date "2007.06.19"]
[Round "-"]
[White "egis"]
[Black "e_castle3"]
[Result "1/2-1/2"]
[WhiteCountry "LTU"]
[BlackCountry "PHI"]
[WhiteElo "1998"]
[WhiteRD "75"]
[BlackElo "1789"]
[BlackRD "69"]
[GameID "109242"]

1. e4 c6 2. d4 d5 3. exd5 cxd5 4. Nf3 Nc6 5. Be2 Nf6 6. O-O Bg4 7. h3 Bh5 8. c3 e6 9. b4 a6 10. Bg5 Be7
11. Nbd2 O-O 12. a4 h6 13. Bxf6 Bxf6 14. a5 Qc7 15. Nb3 Be7 16. Nc5 Bxc5 17. dxc5 Rad8 18. Nd4 Bxe2 19. Qxe2 e5 20. Nf5 Ne7
21. Nxe7+ Qxe7 22. Rad1 f5 23. f3 e4 24. Rd4 Qe5 25. f4 Qe6 26. Qe3 Rf6=
1/2-1/2

[Event "Anything Goes"]
[Site "SchemingMind.com"]
[Date "2007.06.19"]
[Round "-"]
[White "egis"]
[Black "griffimv"]
[Result "0-1"]
[WhiteCountry "LTU"]
[BlackCountry "INT"]
[WhiteElo "2026"]
[WhiteRD "72"]
[BlackElo "2348"]
[BlackRD "80"]
[GameID "109243"]

1. e4 c5 2. Nf3 d6 3. Bb5+ Nc6 4. O-O Bd7 5. Nc3 Nf6 6. b3 g6 7. d3 Bg7 8. Bxc6 Bxc6 9. Bg5 Ng4 10. Qd2 Qa5
11. Qf4 Ne5 12. d4 cxd4 13. Nd5 Bxd5 14. exd5 h6 15. Bxe7 Nxf3+ 16. Qxf3 Kxe7 17. Rae1+ Be5 18. a4 Kf8 19. Rxe5 dxe5 20. Qf6 Kg8
21. Qxe5 Qc5 22. Rd1 Qxc2 23. Qxd4 Qxb3 24. d6 Kh7 25. d7 Rhd8 26. h3 Qe6 27. h4 a5 28. Qd6 Qxd6 29. Rxd6 Rab8 30. Kf1 b6
31. Ke2 Rb7 32. Rf6 Kg7 33. Rc6 Rdxd7 34. Rc4 Rbc7 35. Re4 Re7 36. Rxe7 Rxe7+ 37. Kd3 Re1 38. Kc4 Rb1 39. Kc3 b5 40. Kc2 Rb4
41. axb5 a4 42. Kc3 Rxb5 43. Kc4 Rb8 44. Kd5 a3 45. Ke4 a2 46. Kf4 a1=Q 47. Kg3 Rb3+ 48. f3 Qe1+
0-1

[Event "Anything Goes"]
[Site "SchemingMind.com"]
[Date "2007.06.19"]
[Round "-"]
[White "egis"]
[Black "Adunatos"]
[Result "0-1"]
[WhiteCountry "LTU"]
[BlackCountry "NED"]
[WhiteElo "2026"]
[WhiteRD "72"]
[BlackElo "2296"]
[BlackRD "70"]
[GameID "109244"]

1. d4 Nf6 2. Nd2 d5 3. e3 c5 4. Ngf3 Nc6 5. Bb5 Qb6 6. Bd3 e6 7. O-O cxd4 8. exd4 Nxd4 9. Nxd4 Qxd4 10. Nf3 Qb6
11. c4 Bc5 12. Bg5 Ne4 13. Bxe4 dxe4 14. Nd2 e3 15. Ne4 exf2+ 16. Kh1 O-O 17. Bh4 e5 18. b3 Bg4 19. Qd5 Bd4 20. Bxf2 Rad8
21. Bxd4 exd4 22. Qg5 Qg6 23. Qxg6 hxg6 24. Rf4 f5 25. Nd2 Rfe8 26. h3 Be2 27. a3 Re3 28. Rf2 Kf7 29. c5 Ke6 30. Kg1 Kd5
31. b4 Rde8 32. a4 Rc3 33. Ra2 Rc1+ 34. Kh2 d3 35. a5 a6 36. Rb2 Rc2 37. Rxc2 dxc2 38. Nb3 Bd3 39. Nc1 Kc4 40. Rd2 Rd8
41. c6 bxc6 42. b5 cxb5 43. Rf2 b4 44. Rd2 Kc3 45. Rf2 Kb2 46. Nxd3+ Rxd3 47. Rf1 c1=Q 48. Kg1 Qe3+ 49. Kh1 Qg3 50. Rg1 Rd2
0-1

[Event "Anything Goes"]
[Site "SchemingMind.com"]
[Date "2007.06.19"]
[Round "-"]
[White "egis"]
[Black "badbishop"]
[Result "0-1"]
[WhiteCountry "LTU"]
[BlackCountry "POL"]
[WhiteElo "2032"]
[WhiteRD "72"]
[BlackElo "2271"]
[BlackRD "65"]
[GameID "109245"]

1. e4 c5 2. Nf3 d6 3. Bb5+ Bd7 4. Bc4 e6 5. O-O b5 6. Be2 Bc6 7. d3 Nd7 8. Nc3 Ngf6 9. a3 Be7 10. Be3 O-O
11. Ng5 d5 12. exd5 Nxd5 13. Nxd5 Bxd5 14. Qd2 Ne5 15. b4 c4 16. d4 Ng6 17. c3 Nh4 18. f3 Nf5 19. Ne4 a5 20. Nc5 Ra7
21. Bf2 Qb6 22. Qf4 Rfa8 23. Rac1 axb4 24. axb4 Ra2 25. Rfe1 h6 26. Qg4 Rb2 27. Nd7 Qc7 28. Ne5 Raa2 29. f4 Qb7 30. Rb1 Rxb1
31. Rxb1 Rc2 32. Qh5 Bf6 33. Ng4 Bd8 34. Bf1 Rxc3 35. Ne5 Bb6 36. Qd1 Qa7 37. Ra1 Ra3 38. Rxa3 Qxa3 39. Qh5 Qa7 40. Kh1 Bxd4
41. Bxd4 Nxd4 42. Qd1 Nf5 43. Qc1 Qf2 44. Ng4 Qa2 45. Kg1 Qa7+ 46. Nf2 Qd4 47. g3 Ne3 48. Be2 Bc6 49. Qe1 c3 50. Qc1 Qd5
51. Bf1 Nxf1 52. Kxf1 Qg2+ 53. Ke2 Qf3+ 54. Ke1 Bd5 55. Kf1 Bc4+ 56. Kg1 Qe2 57. Ne4 c2 58. Nf2 Qf1+ 59. Qxf1 Bxf1 60. Kxf1 c1=Q+
61. Kg2 Qb2 62. h3 Qxb4 63. f5 exf5 64. Kf3 Qd2 65. Kg2 b4 66. h4 b3
0-1